ARRUPE JESUIT UNIVERSITY

CORONAVIRUS -STOP THE SPREAD - CLEAN,DISINFECT,COVER

Confessions : (Record no. 123618)

MARC details
000 -LEADER
fixed length control field 01268cam a2200349 a 4500
001 - CONTROL NUMBER
control field 2521989
003 - CONTROL NUMBER IDENTIFIER
control field ARRUPE
005 - DATE AND TIME OF LATEST TRANSACTION
control field 20151026161118.0
008 - FIXED-LENGTH DATA ELEMENTS--GENERAL INFORMATION
fixed length control field 930519s1993 inu b 000 0aeng
010 ## - LIBRARY OF CONGRESS CONTROL NUMBER
LC control number 93004931
020 ## - INTERNATIONAL STANDARD BOOK NUMBER
International Standard Book Number 0872201872
020 ## - INTERNATIONAL STANDARD BOOK NUMBER
International Standard Book Number 0872201864 (pbk.)
040 ## - CATALOGING SOURCE
Original cataloging agency DLC
Transcribing agency DLC
Modifying agency DLC
041 1# - LANGUAGE CODE
Language code of text/sound track or separate title eng
Language code of original and/or intermediate translations of text lat
043 ## - GEOGRAPHIC AREA CODE
Geographic area code f-ae---
050 00 - LIBRARY OF CONGRESS CALL NUMBER
Classification number BR65.A6
Item number E5 1993
082 00 - DEWEY DECIMAL CLASSIFICATION NUMBER
Classification number 270.2/092
-- B
Edition number 21
300 ## - PHYSICAL DESCRIPTION
Dimensions 22 cm.
100 0# - MAIN ENTRY--PERSONAL NAME
Personal name Augustine,
Titles and other words associated with a name Saint, Bishop of Hippo.
9 (RLIN) 20563
240 10 - UNIFORM TITLE
Uniform title <a href="Confessiones.">Confessiones.</a>
Language of a work English
245 10 - TITLE STATEMENT
Title Confessions :
Remainder of title books I-XIII /
Statement of responsibility, etc Augustine ; translated by F.J. Sheed ; introduced by Peter Brown.
250 ## - EDITION STATEMENT
Edition statement Rev. ed.
260 ## - PUBLICATION, DISTRIBUTION, ETC. (IMPRINT)
Place of publication, distribution, etc Indianapolis :
Name of publisher, distributor, etc Hackett Pub. Co.,
Date of publication, distribution, etc c1993.
300 ## - PHYSICAL DESCRIPTION
Extent xxxi, 296 p. ;
504 ## - BIBLIOGRAPHY, ETC. NOTE
Bibliography, etc Includes bibliographical references.
600 00 - SUBJECT ADDED ENTRY--PERSONAL NAME
Personal name Augustine,
Titles and other words associated with a name Saint, Bishop of Hippo.
9 (RLIN) 20563
650 #0 - SUBJECT ADDED ENTRY--TOPICAL TERM
Topical term or geographic name as entry element Christian saints
Geographic subdivision Algeria
-- Hippo (Extinct city)
General subdivision Biography.
9 (RLIN) 20564
700 1# - ADDED ENTRY--PERSONAL NAME
Personal name Sheed, F. J.
Fuller form of name (Francis Joseph),
Dates associated with a name 1897-1981.
9 (RLIN) 4485
700 1# - ADDED ENTRY--PERSONAL NAME
Personal name Brown, Peter,
Dates associated with a name 1935-
9 (RLIN) 13577
906 ## - LOCAL DATA ELEMENT F, LDF (RLIN)
a 7
b cbc
c orignew
d 1
e ocip
f 19
g y-gencatlg
942 ## - ADDED ENTRY ELEMENTS (KOHA)
Source of classification or shelving scheme Library of Congress Classification
Koha item type Monograph ( Printed materials)
Holdings
Withdrawn status Lost status Source of classification or shelving scheme Damaged status Not for loan Collection code Home library Current library Shelving location Date acquired Total Checkouts Full call number Barcode Date last seen Date checked out Price effective from Koha item type
    Library of Congress Classification     Main Collection ARRUPE LIBRARY ARRUPE LIBRARY Main Collection 26/10/2015 4 BR65.A6E5 1993 46500005634 04/11/2023 04/05/2023 26/10/2015 Monograph ( Printed materials)
    Library of Congress Classification     Main Collection ARRUPE LIBRARY ARRUPE LIBRARY Main Collection 26/10/2015 7 BR65.A6E5 1993 46500005635 28/04/2023 14/04/2023 26/10/2015 Monograph ( Printed materials)

 

Arrupe Library. PO Box MP320 Mt Pleasant, Harare, Zimbabwe
263 242 745411|librarian@aju.ac.zw